Rehabilitación de espacios
Na minha lista:
| Autor principal: | |
|---|---|
| Formato: | Livro |
| Idioma: | espanhol |
| Publicado em: |
Barcelona
Blume
1999
|
| Edição: | 1a. ed |
| Assuntos: | |
| Tags: |
Adicionar Tag
Sem tags, seja o primeiro a adicionar uma tag!
|
MARC
| LEADER | 00000nam a2200000 a 4500 | ||
|---|---|---|---|
| 001 | UCL9477 | ||
| 003 | CL-VaPUC | ||
| 008 | 040806e19990000SP |||||||||||||||||spa|d | ||
| 020 | |a 848076290X | ||
| 082 | 0 | 4 | |a 747 |b NIE |2 21 |
| 100 | |a Niesewand, Nonie |e autora |9 487307 | ||
| 245 | 1 | 0 | |a Rehabilitación de espacios |
| 250 | |a 1a. ed | ||
| 300 | |a 220 p | ||
| 942 | |c BK | ||
| 945 | |d 20040806 00:00:00 |a cmena | ||
| 260 | |a Barcelona |b Blume |c 1999 | ||
| 650 | 0 | |a decoración de interiores |9 263422 | |
| 650 | 0 | |a Diseño de viviendas |9 268897 | |
| 650 | 0 | |a Diseño arquitectónico |9 265271 | |
| 650 | 0 | |a Edificios |9 260501 | |
| 650 | 7 | |a RESTAURACION |2 CL-VaPUC |9 411453 | |
| 583 | |a last modification |c 20040806 00:00:00 |k Rodrigo Vera | ||
| 999 | |c 310245 |d 310243 | ||
| 952 | |0 0 |1 0 |4 0 |6 747_000000000000000_NIE_1999 |7 0 |8 A |9 378525 |a BIBARQ |b BIBARQ |d 2019-11-21 |i 4047117 |o 747 NIE 1999 |p 4047117 |r 2025-01-20 |w 2019-11-21 |y BK |k ARQ | ||